| 000 | 00537nam a2200169 a 4500 | ||
|---|---|---|---|
| 001 | 000011334 | ||
| 005 | 20200929162424.0 | ||
| 008 | 091016s1945 dr 001 0 spa d | ||
| 040 |
_aDO-SdBNP _bspa _cBNPHU |
||
| 082 |
_axxx _bC734p |
||
| 100 | 1 |
_aComme Fernández, Raul _926938 |
|
| 245 | 1 | 0 |
_aPoemas de un solo dolor / _cRaul Comme Fernández; prólogo Armando Oscar. |
| 260 |
_aCiudad Trujillo, República Dominicana : _bRenovación, _c1945. |
||
| 300 |
_a121 p. ; _c22 cm. |
||
| 700 | 1 |
_aOscar, Armando _epról. _924269 |
|
| 049 | _aBNPD | ||
| 999 |
_c11041 _d11041 |
||